Estadísticas para Piedras de nacimientos

Haz click aquí para intentar la prueba.

Estadísticas generales

  • Esta prueba ha sido intentada 695 veces
  • La puntuación promedio es 6 de 12

Estadísticas de respuestas

MesPiedra de nacimiento% Correcto
AbrilDiamante
93%
JulioRubí
89%
MayoEsmeralda
87%
SeptiembreZafiro
67%
FebreroAmatista
52%
JunioPerla, Piedra de la Luna, o Alejandrita
42%
DeciembreTurquesa, Circón, o Tanzanita
41%
OctubreÓpalo o Turmalina
40%
NoviembreTopacio o Citrino
39%
MarzoAguamarina o Sanguinaria
26%
EneroGranate
24%
AgostoPeridoto
17%

Distribución de puntuación

Porcentaje por número respondido

Porcentaje de gente con cada puntuación

Historial de tus puntuaciones

No has intentado esta prueba.